000 00647nam a2200205Ia 4500
005 20250508162213.0
008 008 250505s9999 xx 000 0 eng d
020 _a0-237-505169-9
037 _aTextual
040 _aFEDL
_beng
_cFEDL
041 _aeng
_2eng
084 _a371.26, ASH
_qFEDL
100 _aAshworth A E
_9772574
245 0 _aTesting for continuous assessment : A handbook for teachers in schools and colleges
260 _aLondon, UK
_bEvans Brothers Limited
_c1982
300 _avii,136p
650 _aEducational Test and Measurements
_9577435
942 _cTEXL
_h371.26, ASH
999 _c1374999
_d1374999